Misspelled Madness II Quiz Stats

 Plays Quiz Updated Jan 21, 2019

Support Sporcle.
Go Orange.
Score 0/15 Timer 04:00
0 Plays Today
% Correct
Duplicate
92.8%
Blasphemy
90.6%
Boomerang
89.4%
Resistance
88.5%
Archaeology
87.7%
Threshold
83.4%
Phosphorescent
79.1%
Taut
78.9%
% Correct
Acclimate
73.8%
Cauterize
73.7%
Equidistant
67.7%
Procurator
66.4%
Epistasis
56.6%
Squeegeed
55%
Blazon
37.2%

From the Vault

Video Game Character by Tattoo

by minshkins

Gaming 6m
It takes a similar type of dexterity to handle a controller as it does a tattoo needle.
Remove Ads.
Support Sporcle.
Get the best of Sporcle when you Go Orange. This ad-free experience offers more features, more stats, and more fun while also helping to support Sporcle. Thank you for becoming a member.

Show Comments

Extras

Top Quizzes Today


Score Distribution

Your Account Isn't Verified!

In order to create a playlist on Sporcle, you need to verify the email address you used during registration. Go to your Sporcle Settings to finish the process.

Report this User

Report this user for behavior that violates our Community Guidelines.

Details: